Správní právo texty 3

Salvato in:
Dettagli Bibliografici
Autore principale: Čebišová, Taisia
Natura: Libro
Lingua:ceco
Pubblicazione: Praha Aleko 1992
Serie:Prameny a nové proudy právní vědy
Soggetti:
Tags: Aggiungi Tag
Nessun Tag, puoi essere il primo ad aggiungerne!!

MARC

LEADER 00000nam a2200000 4500
001 c002358
005 20250929124244.7
020 |a 80-85341-31-X 
041 0 |a cze 
044 |a CZ 
245 1 0 |a Správní právo  |b texty 3  |c Taisia Čebišová a kol. 
264 1 |a Praha  |b Aleko  |c 1992 
300 |a 169 s. 
490 1 |a Prameny a nové proudy právní vědy 
830 0 |a Prameny a nové proudy právní vědy 
610 2 0 |a legislatíva 
610 2 0 |a predpisy právne 
610 2 0 |a štúdium vysokoškolské 
610 2 0 |a právo správne 
100 1 |a Čebišová, Taisia